[Event "Moscow Aeroflot op-A"]
[Site "Moscow"]
[Date "2024.03.06"]
[Round "7"]
[White "Mahdavi, Reza"]
[Black "Rozum, Ivan"]
[Result "1-0"]
[WhiteElo "2312"]
[BlackElo "2499"]
[PlyCount "63"]
[EventDate "2024.03.03"]
[EventType "swiss"]
[EventRounds "9"]
[EventCountry "RUS"]
[SourceTitle "CB11_2024"]
[SourceDate "2024.03.13"]
[SourceVersion "1"]
[SourceVersionDate "2024.03.13"]
[SourceQuality "1"]

1. e4 e6 2. d4 d5 3. Nc3 Nf6 4. e5 Nfd7 5. Nce2 c5 6. c3 Nc6 7. f4 Be7 8. Nf3 a5 9. h4 a4 10. h5 a3 11. b3 cxd4 12. cxd4 Bb4+ 13. Kf2 f6 14. Be3 0-0 15. Kg1 Ba5 16. Rh3 Qe8 17. Kh1 b6 18. Rc1 Nb4 19. Nc3 Ba6 20. Bxa6 Rxa6 21. Qe2 Nb8 22. h6 g6 23. exf6 Rxf6 24. Ng5 N4c6 25. Nb5 Qe7 26. Nxa3 Ra8 27. Nb5 Bb4 28. Nf3 Qb7 29. Ne5 Bf8 30. Bg1 Nxe5 31. Rc7 Qa6 32. Qxe5 1-0

[Event "Titled Tuesday intern op 09th Jan Early"]
[Site "Chess.com INT"]
[Date "2024.01.09"]
[Round "4"]
[White "Begunov, Konstantin"]
[Black "Rozum, Ivan"]
[Result "1-0"]
[WhiteElo "2325"]
[BlackElo "2499"]
[PlyCount "131"]
[EventDate "2024.01.09"]
[EventType "swiss (blitz)"]
[EventRounds "11"]
[EventCountry "USA"]
[SourceTitle "CB03_2024"]
[SourceDate "2024.01.17"]
[SourceVersion "1"]
[SourceVersionDate "2024.01.17"]
[SourceQuality "1"]

1. d4 Nf6 2. c4 e6 3. Nf3 d5 4. Nc3 Bb4 5. Qa4+ Nc6 6. Ne5 0-0 7. Nxc6 Bxc3+ 8. bxc3 Qe8 9. Bg5 Bd7 10. Bxf6 Bxc6 11. Qc2 gxf6 12. cxd5 Bxd5 13. e4 Bc6 14. Be2 Kh8 15. 0-0 Rg8 16. Bf3 f5 17. Rfe1 fxe4 18. Bxe4 Bxe4 19. Qxe4 c6 20. Qe5+ Rg7 21. Re3 Qb8 22. Qf6 Qd8 23. Qe5 Qd5 24. g3 Qxe5 25. Rxe5 Rd8 26. Rb1 Rd7 27. a4 h6 28. Ra5 a6 29. Rh5 Kh7 30. a5 Rg5 31. Rxg5 hxg5 32. Kg2 Kg6 33. Kf3 f5 34. h4 Rc7 35. c4 Rd7 36. Ke3 Kh5 37. hxg5 Kxg5 38. Rh1 Kf6 39. Rh8 Rc7 40. Rf8+ Ke7 41. Rh8 Kd6 42. c5+ Kd5 43. Kd3 e5 44. Rd8+ Ke6 45. Re8+ Kf7 46. Rxe5 Kf6 47. Re8 Rh7 48. Rb8 Ke6 49. Kc4 Rf7 50. f3 Rg7 51. g4 fxg4 52. fxg4 Kf6 53. d5 Rxg4+ 54. Kd3 cxd5 55. Rxb7 Ke5 56. Re7+ Kf6 57. Ra7 Ke5 58. Rxa6 Rg3+ 59. Kd2 Kd4 60. c6 Rc3 61. Rb6 Ra3 62. a6 Ra2+ 63. Kc1 Kc3 64. Kb1 Ra5 65. c7 Rc5 66. a7 1-0

[Event "Khanty-Mansiysk Governor Cup 19th"]
[Site "Khanty-Mansiysk"]
[Date "2023.11.20"]
[Round "4"]
[White "Rozum, Ivan"]
[Black "Zhapova, Yana"]
[Result "1/2-1/2"]
[WhiteElo "2530"]
[BlackElo "2110"]
[PlyCount "81"]
[EventDate "2023.11.17"]
[EventType "swiss"]
[EventRounds "9"]
[EventCountry "RUS"]
[SourceTitle "CB48_2023"]
[SourceDate "2023.11.29"]
[SourceVersion "1"]
[SourceVersionDate "2023.11.29"]
[SourceQuality "1"]

1. Nf3 d5 2. b3 Nf6 3. Bb2 e6 4. c4 b6 5. cxd5 exd5 6. g3 Bd6 7. Bg2 0-0 8. 0-0 Bb7 9. Nc3 a6 10. e3 Nbd7 11. Rc1 Re8 12. d3 Bf8 13. Re1 c5 14. d4 Ne4 15. dxc5 Nxc3 16. Rxc3 bxc5 17. Rd3 Qb6 18. Nh4 c4 19. Rxd5 Nc5 20. Qd4 Bxd5 21. Bxd5 cxb3 22. Bxa8 Rxa8 23. Nf5 Rd8 24. Nh6+ Qxh6 25. Qxd8 bxa2 26. Qd5 Qg6 27. Qxa2 Nd3 28. Rd1 Nxf2 29. Rd8 Nh3+ 30. Kg2 Ng5 31. Qc4 Qf5 32. Qc6 Ne6 33. Rb8 Qd3 34. Qc3 Qe2+ 35. Kg1 Qd1+ 36. Kf2 Qh1 37. h4 Qh2+ 38. Kf3 Qh1+ 39. Kf2 Qh2+ 40. Kf3 Qh1+ 41. Kf2 1/2-1/2

[Event "Khanty-Mansiysk Governor Cup 19th"]
[Site "Khanty-Mansiysk"]
[Date "2023.11.17"]
[Round "1"]
[White "Lisenkov, Svyatoslav"]
[Black "Rozum, Ivan"]
[Result "1/2-1/2"]
[WhiteElo "2080"]
[BlackElo "2530"]
[PlyCount "109"]
[EventDate "2023.11.17"]
[EventType "swiss"]
[EventRounds "9"]
[EventCountry "RUS"]
[SourceTitle "CB48_2023"]
[SourceDate "2023.11.29"]
[SourceVersion "1"]
[SourceVersionDate "2023.11.29"]
[SourceQuality "1"]

1. e4 c5 2. Nf3 d6 3. d4 cxd4 4. Nxd4 Nf6 5. Nc3 a6 6. Be2 e5 7. Nb3 Be7 8. 0-0 0-0 9. Qd3 Be6 10. Bd2 Nbd7 11. Nd5 Bxd5 12. exd5 Rc8 13. c4 b6 14. Rae1 a5 15. a4 Re8 16. f4 exf4 17. Rxf4 Ne5 18. Qg3 Nfd7 19. Re4 g6 20. Rf1 Bf6 21. Bh6 Nc5 22. Nxc5 bxc5 23. Ref4 Bg7 24. Bxg7 Kxg7 25. b3 Rf8 26. Bd1 Qe7 27. Bc2 Ra8 28. h3 Rae8 29. Kh1 h5 30. Kg1 Ra8 31. Kh1 Ra7 32. Kg1 Rh8 33. Kh1 h4 34. Qc3 f5 35. Re1 Qg5 36. Rff1 Re8 37. Bd1 Kh6 38. Bc2 Kh7 39. Bd1 Kg8 40. Bc2 Kg7 41. Bd1 Kh7 42. Bc2 Kg8 43. Bd1 Rae7 44. Bc2 Nf7 45. Rxe7 Rxe7 46. Bd1 Qg3 47. Qxa5 Ng5 48. Qd8+ Kf7 49. Rxf5+ gxf5 50. Bh5+ Kf6 51. Qh8+ Rg7 52. Qh6+ Ke5 53. Qxg7+ Kf4 54. Qa1 Ne4 55. Qc1+ 1/2-1/2

[Event "RUS-chT Blitz"]
[Site "Sochi"]
[Date "2023.10.17"]
[Round "5.9"]
[White "Rozum, Ivan"]
[Black "Ponkratov, Pavel"]
[Result "1/2-1/2"]
[WhiteElo "2531"]
[BlackElo "2595"]
[PlyCount "65"]
[EventDate "2023.10.17"]
[EventType "team-swiss (blitz)"]
[EventRounds "13"]
[EventCountry "RUS"]
[SourceTitle "Mega2024 Update 01"]
[Source "Chessbase"]
[SourceDate "2023.11.12"]
[SourceVersion "1"]
[SourceVersionDate "2023.11.12"]
[SourceQuality "1"]
[WhiteTeam "Vologodsk Region"]
[BlackTeam "Moscow MGFSO"]
[WhiteTeamCountry "RUS"]
[BlackTeamCountry "RUS"]

1. Nf3 d5 2. g3 Nf6 3. Bg2 g6 4. b3 Bg7 5. Bb2 0-0 6. c4 c5 7. cxd5 Nxd5 8. Bxg7 Kxg7 9. 0-0 Nc6 10. d4 cxd4 11. Nxd4 Qb6 12. Nxc6 bxc6 13. Nd2 Ba6 14. Nc4 Bxc4 15. bxc4 Nf6 16. Qa4 Rab8 17. Bxc6 Rfc8 18. Bg2 Qc5 19. Rac1 Rb4 20. Qa6 Rc7 21. e3 h5 22. h3 h4 23. g4 Rxc4 24. Rxc4 Qxc4 25. Qa5 Qc5 26. Qa4 Rd7 27. Bf3 Rd2 28. a3 Ra2 29. Qb4 Nd7 30. Rd1 Qxb4 31. axb4 Nb6 32. b5 e6 33. Bc6 1/2-1/2

[Event "RUS-ch Rapid"]
[Site "Sochi"]
[Date "2023.10.16"]
[Round "9"]
[White "Rozum, Ivan"]
[Black "Novozhilov, Semen"]
[Result "1/2-1/2"]
[WhiteElo "2531"]
[BlackElo "2272"]
[PlyCount "123"]
[EventDate "2023.10.15"]
[EventType "swiss (rapid)"]
[EventRounds "11"]
[EventCountry "RUS"]
[SourceTitle "Mega2024 Update 01"]
[Source "Chessbase"]
[SourceDate "2023.11.12"]
[SourceVersion "1"]
[SourceVersionDate "2023.11.12"]
[SourceQuality "1"]

1. d4 Nf6 2. c4 e6 3. g3 d5 4. Nf3 dxc4 5. Bg2 Nc6 6. Qa4 Bb4+ 7. Bd2 Nd5 8. Bxb4 Ndxb4 9. 0-0 Rb8 10. Na3 0-0 11. Qb5 b6 12. Qxc4 Ba6 13. Nb5 Qd5 14. Qxd5 Nxd5 15. a4 Bb7 16. Rfc1 Rfd8 17. e3 a6 18. Na3 Rbc8 19. Nc4 Ncb4 20. a5 b5 21. Ncd2 Nd3 22. Nb3 N5b4 23. Rc3 Bd5 24. Rb1 Bc4 25. Bf1 c5 26. Nxc5 Nxc5 27. dxc5 Bxf1 28. Kxf1 Rd5 29. c6 f6 30. Nd4 e5 31. Nf5 Kf7 32. e4 Rdd8 33. c7 Rd7 34. Rb3 Nc6 35. Rc3 Nxa5 36. Rbc1 Nc4 37. b3 Nd2+ 38. Kg2 g6 39. Ne3 Nxe4 40. R3c2 f5 41. b4 Nf6 42. Rc6 f4 43. Nf1 Nd5 44. Rxa6 Rcxc7 45. Rxc7 Rxc7 46. Ra5 Rb7 47. Nd2 Nxb4 48. Ne4 Ke7 49. Nc3 Nc6 50. Rxb5 Rxb5 51. Nxb5 Ke6 52. Kf3 Nd4+ 53. Nxd4+ exd4 54. Ke4 fxg3 55. hxg3 h5 56. Kxd4 Kf5 57. f3 h4 58. gxh4 Kf4 59. Kd5 Kxf3 60. Ke5 Kg4 61. Kf6 Kxh4 62. Kxg6 1/2-1/2

[Event "RUS-ch Rapid"]
[Site "Sochi"]
[Date "2023.10.15"]
[Round "1"]
[White "Vershinin, Igor1"]
[Black "Rozum, Ivan"]
[Result "0-1"]
[WhiteElo "2128"]
[BlackElo "2531"]
[PlyCount "58"]
[EventDate "2023.10.15"]
[EventType "swiss (rapid)"]
[EventRounds "11"]
[EventCountry "RUS"]
[SourceTitle "Mega2024 Update 01"]
[Source "Chessbase"]
[SourceDate "2023.11.12"]
[SourceVersion "1"]
[SourceVersionDate "2023.11.12"]
[SourceQuality "1"]

1. a3 e5 2. c4 g6 3. Nc3 Bg7 4. g3 Ne7 5. Bg2 0-0 6. e4 d6 7. Nge2 Nbc6 8. 0-0 Be6 9. d3 Qd7 10. Nd5 f5 11. Be3 Rf7 12. Qd2 Raf8 13. Rab1 Nc8 14. b4 fxe4 15. dxe4 Bh3 16. b5 Nd8 17. Bxh3 Qxh3 18. c5 Ne6 19. c6 bxc6 20. bxc6 Nb6 21. Rb4 h5 22. Bg5 Qxf1+ 23. Kxf1 Rxf2+ 24. Kg1 Rf1+ 25. Kg2 R8f2+ 26. Kh3 Rh1 27. g4 Rhxh2+ 28. Kg3 Rfg2+ 29. Kf3 hxg4+ 0-1

[Event "RUS-ch Blitz"]
[Site "Sochi"]
[Date "2023.10.14"]
[Round "7"]
[White "Drygalov, Sergey"]
[Black "Rozum, Ivan"]
[Result "0-1"]
[WhiteElo "2547"]
[BlackElo "2531"]
[PlyCount "126"]
[EventDate "2023.10.14"]
[EventType "swiss (blitz)"]
[EventRounds "13"]
[EventCountry "RUS"]
[SourceTitle "Mega2024 Update 01"]
[Source "Chessbase"]
[SourceDate "2023.11.12"]
[SourceVersion "1"]
[SourceVersionDate "2023.11.12"]
[SourceQuality "1"]

1. d4 Nf6 2. c4 e6 3. Nf3 d5 4. Nc3 c5 5. e3 Nc6 6. a3 cxd4 7. exd4 dxc4 8. Bxc4 Be7 9. 0-0 0-0 10. Bg5 h6 11. Bh4 Nh5 12. Bxe7 Nxe7 13. Ne5 Nf6 14. Qd3 Bd7 15. Rfe1 Rc8 16. Rad1 Bc6 17. Nxf7 Rxf7 18. Bxe6 Bd7 19. Ba2 Nf5 20. Re5 Nd6 21. Ne2 b5 22. Bxf7+ Nxf7 23. Rc5 Qb6 24. b4 Nd6 25. Nf4 Re8 26. Qb3+ Kh7 27. Qc2+ Kg8 28. Qb3+ Nc4 29. a4 a6 30. axb5 axb5 31. Re5 Ra8 32. Rc5 Qd6 33. Nd3 Ra3 34. Qc2 Ne4 35. Ne5 Nxc5 36. bxc5 Qd5 37. Nxd7 Qxd7 38. d5 Ra8 39. d6 Rc8 40. Qe2 Rxc5 41. h3 Re5 42. Qf3 Re6 43. Qa8+ Kh7 44. Qf3 Rxd6 45. Qe4+ g6 46. Ra1 Rd1+ 47. Rxd1 Qxd1+ 48. Kh2 Qd7 49. g3 Qc7 50. h4 h5 51. Kg1 b4 52. g4 b3 53. gxh5 b2 54. Qxg6+ Kh8 55. Qe8+ Kg7 56. Qg6+ Kf8 57. h6 Qf7 58. Qd3 Qf6 59. h5 Qg5+ 60. Kh1 Qxh5+ 61. Kg1 Qg5+ 62. Kh1 Qxh6+ 63. Kg1 Qc1+ 0-1

[Event "RUS-ch Blitz"]
[Site "Sochi"]
[Date "2023.10.14"]
[Round "12"]
[White "Grachev, Alexey1"]
[Black "Rozum, Ivan"]
[Result "1-0"]
[WhiteElo "2406"]
[BlackElo "2531"]
[PlyCount "20"]
[EventDate "2023.10.14"]
[EventType "swiss (blitz)"]
[EventRounds "13"]
[EventCountry "RUS"]
[SourceTitle "Mega2024 Update 01"]
[Source "Chessbase"]
[SourceDate "2023.11.12"]
[SourceVersion "1"]
[SourceVersionDate "2023.11.12"]
[SourceQuality "1"]

1. e4 c6 2. Nf3 d5 3. d3 Bg4 4. h3 Bh5 5. Qe2 e6 6. g4 Bg6 7. h4 h5 8. Ne5 Bh7 9. g5 Bd6 10. exd5 cxd5 1-0

[Event "RUS-ch Blitz"]
[Site "Sochi"]
[Date "2023.10.14"]
[Round "1"]
[White "Klimentov, Evgeny"]
[Black "Rozum, Ivan"]
[Result "1-0"]
[WhiteElo "2299"]
[BlackElo "2531"]
[PlyCount "102"]
[EventDate "2023.10.14"]
[EventType "swiss (blitz)"]
[EventRounds "13"]
[EventCountry "RUS"]
[SourceTitle "Mega2024 Update 01"]
[Source "Chessbase"]
[SourceDate "2023.11.12"]
[SourceVersion "1"]
[SourceVersionDate "2023.11.12"]
[SourceQuality "1"]

1. e4 c6 2. d4 d5 3. exd5 cxd5 4. Bd3 Nf6 5. c3 Bg4 6. Ne2 e6 7. f3 Bh5 8. Nf4 Bg6 9. Nxg6 hxg6 10. Bf4 Nh5 11. Bxb8 Qxb8 12. Qa4+ Kd8 13. Nd2 Ng3 14. Rg1 Rxh2 15. 0-0-0 Bd6 16. Kb1 Bf4 17. c4 Qd6 18. cxd5 Qxd5 19. Be4 Nxe4 20. fxe4 Qd7 21. Qb4 Bd6 22. Qb3 Rc8 23. Nf3 Rh8 24. e5 Be7 25. d5 Ke8 26. dxe6 Qxe6 27. Qxb7 Qc6 28. Qb3 Qc4 29. Qb7 Qc6 30. Qb3 Kf8 31. Rc1 Qe4+ 32. Ka1 Rd8 33. Rge1 Qf5 34. e6 f6 35. Rc7 Qd3 36. Rxe7 Kxe7 37. Qb7+ Kd6 38. e7 Rc8 39. Qxa7 Rhe8 40. Qb6+ Kd7 41. Nd4 Qc4 42. a3 Rb8 43. Qa7+ Kd6 44. Rd1 Ke5 45. Qa5+ Kf4 46. Qd2+ Ke4 47. Re1+ Kd5 48. Nf5+ Kc6 49. Nxg7 Kc7 50. Nxe8+ Rxe8 51. Rc1 Kc6 1-0

[Event "RUS-ch Blitz"]
[Site "Sochi"]
[Date "2023.10.14"]
[Round "13"]
[White "Rozum, Ivan"]
[Black "Babanin, Gleb"]
[Result "0-1"]
[WhiteElo "2531"]
[BlackElo "2163"]
[PlyCount "106"]
[EventDate "2023.10.14"]
[EventType "swiss (blitz)"]
[EventRounds "13"]
[EventCountry "RUS"]
[SourceTitle "Mega2024 Update 01"]
[Source "Chessbase"]
[SourceDate "2023.11.12"]
[SourceVersion "1"]
[SourceVersionDate "2023.11.12"]
[SourceQuality "1"]

1. c4 e5 2. g3 c6 3. Nf3 e4 4. Nd4 d5 5. cxd5 Qxd5 6. Nc2 Nf6 7. Nc3 Qe5 8. Bg2 Bd6 9. 0-0 Bf5 10. b4 0-0 11. Bb2 Qe7 12. b5 a6 13. Nd4 Bd7 14. b6 c5 15. Nb3 Nc6 16. Na4 c4 17. Nd4 Be5 18. Nxc6 Bxc6 19. Bxe5 Qxe5 20. Rc1 Qb5 21. Nc3 Qxb6 22. Qc2 Rfe8 23. Na4 Qb4 24. Nc3 b5 25. a4 Qc5 26. axb5 axb5 27. Qb2 Rad8 28. Na2 Qd4 29. Qxd4 Rxd4 30. Nb4 Bd7 31. Rc2 Ra8 32. Rb1 Ra4 33. Kf1 Kf8 34. Ke1 Be8 35. Rcb2 Ke7 36. e3 Rd8 37. Nc2 Rb8 38. f3 exf3 39. Bxf3 Kd6 40. Be2 Rba8 41. Nd4 Ra1 42. Nxb5+ Bxb5 43. Rxb5 Rxb1+ 44. Rxb1 Rc8 45. Rb7 Ke6 46. Kd1 c3 47. d3 Nd5 48. e4 Ne3+ 49. Kc1 Ra8 50. Rb1 Ra2 51. Rb6+ Kd7 52. Bf3 Rf2 53. Bh5 Rf1+ 0-1

[Event "RUS-ch Blitz"]
[Site "Sochi"]
[Date "2023.10.14"]
[Round "6"]
[White "Rozum, Ivan"]
[Black "Timerkhanov, Alexander"]
[Result "1-0"]
[WhiteElo "2531"]
[BlackElo "2336"]
[PlyCount "34"]
[EventDate "2023.10.14"]
[EventType "swiss (blitz)"]
[EventRounds "13"]
[EventCountry "RUS"]
[SourceTitle "Mega2024 Update 01"]
[Source "Chessbase"]
[SourceDate "2023.11.12"]
[SourceVersion "1"]
[SourceVersionDate "2023.11.12"]
[SourceQuality "1"]

1. c4 c6 2. Nf3 d5 3. g3 Nf6 4. Bg2 g6 5. b3 Bg7 6. Bb2 0-0 7. 0-0 a5 8. Nc3 Ne4 9. Qc2 Nxc3 10. Bxc3 d4 11. Bb2 e5 12. d3 c5 13. e3 Nc6 14. exd4 exd4 15. a3 Bf5 16. Rae1 Qd7 17. Bc1 Bh3 1-0

[Event "RUS-ch Blitz"]
[Site "Sochi"]
[Date "2023.10.14"]
[Round "9"]
[White "Rozum, Ivan"]
[Black "Zvjaginsev, Vadim"]
[Result "1/2-1/2"]
[WhiteElo "2531"]
[BlackElo "2572"]
[PlyCount "77"]
[EventDate "2023.10.14"]
[EventType "swiss (blitz)"]
[EventRounds "13"]
[EventCountry "RUS"]
[SourceTitle "Mega2024 Update 01"]
[Source "Chessbase"]
[SourceDate "2023.11.12"]
[SourceVersion "1"]
[SourceVersionDate "2023.11.12"]
[SourceQuality "1"]

1. c4 e5 2. g3 d6 3. Bg2 f5 4. d4 Be7 5. Nc3 Nf6 6. d5 e4 7. Nf3 c6 8. Ng5 Nxd5 9. cxd5 Bxg5 10. Bxg5 Qxg5 11. dxc6 Nxc6 12. Qxd6 Qe7 13. Qxe7+ Kxe7 14. f3 exf3 15. exf3 Be6 16. f4 Rhd8 17. 0-0 Rd2 18. Rf2 Rad8 19. Re1 Rxf2 20. Kxf2 Rd2+ 21. Re2 Rxe2+ 22. Kxe2 Kd6 23. Ke3 Kc5 24. a3 Kc4 25. Kd2 Kb3 26. Kc1 Kc4 27. Bf1+ Kd4 28. Kd2 Bc4 29. Bg2 Na5 30. b4 Nb3+ 31. Kc2 b6 32. Bc6 Ke3 33. Nd5+ Bxd5 34. Bxd5 Nd4+ 35. Kc3 Nb5+ 36. Kb3 Nd6 37. a4 Kf2 38. Kc3 Ke3 39. Bc6 1/2-1/2

[Event "RUS-ch 76th"]
[Site "St Petersburg"]
[Date "2023.10.12"]
[Round "11"]
[White "Matlakov, Maxim"]
[Black "Rozum, Ivan"]
[Result "1-0"]
[WhiteElo "2674"]
[BlackElo "2531"]
[PlyCount "135"]
[EventDate "2023.10.01"]
[EventType "tourn"]
[EventRounds "11"]
[EventCountry "RUS"]
[EventCategory "15"]
[SourceTitle "EXT 2024"]
[Source "ChessBase"]
[SourceDate "2023.10.10"]
[SourceVersion "1"]
[SourceVersionDate "2023.10.10"]
[SourceQuality "1"]

1. e4 c5 2. Nf3 d6 3. d4 cxd4 4. Nxd4 Nf6 5. Nc3 a6 6. Bc4 e6 7. Be3 b5 8. Bb3 Be7 9. a3 0-0 10. Qe2 Bb7 11. f3 Nc6 12. 0-0-0 Na5 13. g4 Rc8 14. Kb1 Nd7 15. h4 Rxc3 16. bxc3 Qc7 17. h5 Nb6 18. Nxe6 fxe6 19. Bxe6+ Kh8 20. h6 g5 21. Bd4+ Bf6 22. Qe3 Na4 23. Bxf6+ Rxf6 24. Qxg5 Rxe6 25. Rxd6 Re7 26. Rd3 Nc6 27. Qf6+ Kg8 28. Rh5 Rf7 29. Rg5+ Kf8 30. Qh8+ Ke7 31. Rg8 Ke6 32. g5 Ne7 33. Re8 Bc6 34. Red8 Qe5 35. R3d6+ Qxd6 36. Rxd6+ Kxd6 37. f4 Bxe4 38. Qb8+ Ke6 39. Kc1 Bg6 40. c4 Rf5 41. Qa7 Kf7 42. Qxa6 Nc5 43. Qa7 bxc4 44. Kb2 Ne6 45. a4 Rxf4 46. a5 Nd4 47. Qc5 Nxc2 48. a6 Ne1 49. Qc7 Rf2+ 50. Kc3 Rc2+ 51. Kd4 Nf3+ 52. Kc5 Nd2 53. a7 Ne4+ 54. Kb6 Ke6 55. Qd8 Rb2+ 56. Kc7 Ra2 57. Qd7+ Kf7 58. Kd8 Rd2 59. Qxd2 Nc6+ 60. Kc7 Nxd2 61. a8Q Be4 62. Qa2 Nb3 63. Qe2 Bd3 64. Qh5+ Ke7 65. Kxc6 c3 66. g6 c2 67. Qe5+ Kd8 68. Qd6+ 1-0

[Event "RUS-ch 76th"]
[Site "St Petersburg"]
[Date "2023.10.09"]
[Round "8"]
[White "Rozum, Ivan"]
[Black "Lagno, Kateryna"]
[Result "1-0"]
[WhiteElo "2531"]
[BlackElo "2546"]
[PlyCount "193"]
[EventDate "2023.10.01"]
[EventType "tourn"]
[EventRounds "11"]
[EventCountry "RUS"]
[EventCategory "15"]
[SourceTitle "EXT 2024"]
[Source "ChessBase"]
[SourceDate "2023.10.10"]
[SourceVersion "1"]
[SourceVersionDate "2023.10.10"]
[SourceQuality "1"]

1. Nf3 d5 2. g3 Nf6 3. Bg2 c5 4. 0-0 Nc6 5. d4 cxd4 6. Nxd4 h6 7. c4 e5 8. Nxc6 bxc6 9. Nc3 d4 10. Ne4 Nxe4 11. Bxe4 Bd7 12. e3 Bc5 13. b4 Bxb4 14. exd4 0-0 15. Rb1 Bc3 16. Ba3 Re8 17. d5 cxd5 18. Bxd5 Be6 19. Qf3 Bxd5 20. cxd5 Bd4 21. Rb7 f5 22. Rc1 e4 23. Qxf5 e3 24. Kg2 exf2 25. d6 Re1 26. Qd5+ Kh8 27. Rf7 Rg1+ 28. Kh3 Bf6 29. Qf3 Rxc1 30. Bxc1 f1Q+ 31. Qxf1 Qxd6 32. Qf5 Bd4 33. Bf4 Qc6 34. Rd7 Bf6 35. Bxh6 Re8 36. Bf4 Kg8 37. Rd6 Qc8 38. Qxc8 Rxc8 39. Ra6 Bd4 40. Kg4 Rc4 41. Kf5 Bb6 42. Bb8 Bg1 43. h3 Rc8 44. Be5 Kh7 45. Rd6 Rf8+ 46. Ke4 Rf7 47. g4 Re7 48. Kd5 Bf2 49. Re6 Rb7 50. Ke4 Bh4 51. Ra6 Bf2 52. Rc6 Rb4+ 53. Kf3 Bd4 54. Bxd4 Rxd4 55. Ra6 Rd3+ 56. Kg2 Rd7 57. h4 Rc7 58. h5 Rc4 59. Kg3 Rc3+ 60. Kh4 Rc7 61. a4 Rd7 62. a5 Rc7 63. Rg6 Rc5 64. a6 Rc3 65. Kg5 Rf3 66. Rd6 Rf7 67. Rc6 Rd7 68. Kf5 Rd5+ 69. Ke4 Rg5 70. Kf4 Ra5 71. Rg6 Ra4+ 72. Ke5 Ra5+ 73. Kd4 Rb5 74. Kc4 Ra5 75. Kb4 Ra1 76. Kb5 Ra2 77. Rd6 Rg2 78. Kc6 Rb2 79. Kc7 Rb5 80. Kc8 Rb4 81. Rd7 Rxg4 82. Rxa7 Ra4 83. Kb7 Kh6 84. Kb6 Rb4+ 85. Ka5 Rh4 86. Rb7 Rxh5+ 87. Rb5 Rh1 88. a7 Rf1 89. Kb4 Rb1+ 90. Kc5 Rc1+ 91. Kb6 Rc8 92. Kb7 Rf8 93. Ra5 g5 94. a8Q Rxa8 95. Rxa8 Kh5 96. Kc6 g4 97. Kd5 1-0

[Event "RUS-ch 76th"]
[Site "St Petersburg"]
[Date "2023.10.08"]
[Round "7"]
[White "Rozum, Ivan"]
[Black "Ponkratov, Pavel"]
[Result "0-1"]
[WhiteElo "2531"]
[BlackElo "2595"]
[PlyCount "168"]
[EventDate "2023.10.01"]
[EventType "tourn"]
[EventRounds "11"]
[EventCountry "RUS"]
[EventCategory "15"]
[SourceTitle "EXT 2024"]
[Source "ChessBase"]
[SourceDate "2023.10.10"]
[SourceVersion "1"]
[SourceVersionDate "2023.10.10"]
[SourceQuality "1"]

1. d4 Nf6 2. c4 g6 3. Nc3 Bg7 4. e4 0-0 5. Nf3 d6 6. Be2 e5 7. 0-0 Nbd7 8. Re1 b6 9. Bf1 h6 10. Rb1 Re8 11. g3 a6 12. b3 Nh7 13. Be3 Ndf6 14. d5 Ng4 15. Bd2 f5 16. Nh4 fxe4 17. Nxe4 g5 18. Ng2 Ngf6 19. Nxf6+ Qxf6 20. Bd3 g4 21. Qe2 e4 22. Bc2 Qf7 23. b4 h5 24. Bf4 a5 25. Ba4 axb4 26. Bxe8 Qxe8 27. Rxb4 Bc3 28. Rbb1 Bxe1 29. Rxe1 Bf5 30. Nh4 Qf7 31. Nxf5 Qxf5 32. Qc2 Nf8 33. Be3 Ng6 34. Bd4 Re8 35. Qd2 Kh7 36. a4 h4 37. a5 h3 38. Re3 bxa5 39. Qxa5 c5 40. Bb2 Rf8 41. Qd2 Rb8 42. Qc2 Kg8 43. Kf1 Kf7 44. Bc3 Re8 45. Qe2 Nf8 46. Qa2 Nh7 47. Qa7+ Re7 48. Qb8 Qd7 49. Qh8 Kg6 50. Bd2 Re8 51. Qb2 Qa4 52. Qc1 Qd7 53. Rb3 Qf5 54. Rb6 Nf6 55. Rxd6 e3 56. Bxe3 Qd3+ 57. Kg1 Rb8 58. Qe1 Qe4 59. f3 Qxf3 60. Rxf6+ Kxf6 61. Bg5+ Kxg5 62. Qe5+ Kg6 63. Qd6+ Qf6 64. Qxb8 Qd4+ 65. Kf1 Qxc4+ 66. Ke1 Qe4+ 67. Kf2 Qxd5 68. Qb6+ Kf5 69. Qb8 Qf3+ 70. Ke1 Qh1+ 71. Kd2 Qxh2+ 72. Kd3 c4+ 73. Kc3 Qe2 74. Qf8+ Ke4 75. Qf4+ Kd5 76. Qf7+ Qe6 77. Qb7+ Ke5 78. Qc7+ Kf6 79. Qd8+ Kf5 80. Kb4 Ke4 81. Qa8+ Ke3 82. Qb8 Qe4 83. Qf8 Ke2 84. Qh8 Kf2 0-1

[Event "RUS-ch 76th"]
[Site "St Petersburg"]
[Date "2023.10.01"]
[Round "1"]
[White "Rozum, Ivan"]
[Black "Esipenko, Andrey"]
[Result "1-0"]
[WhiteElo "2531"]
[BlackElo "2683"]
[PlyCount "83"]
[EventDate "2023.10.01"]
[EventType "tourn"]
[EventRounds "11"]
[EventCountry "RUS"]
[EventCategory "15"]
[SourceTitle "EXT 2024"]
[Source "ChessBase"]
[SourceDate "2023.10.10"]
[SourceVersion "1"]
[SourceVersionDate "2023.10.10"]
[SourceQuality "1"]

1. d4 d5 2. c4 e6 3. Nf3 Nf6 4. g3 Be7 5. Bg2 0-0 6. 0-0 dxc4 7. Qc2 c6 8. Qxc4 b5 9. Qd3 Nbd7 10. Be3 h6 11. Rc1 Nd5 12. Nbd2 Qc7 13. Nb3 a5 14. Bd2 a4 15. e4 Nb4 16. Bxb4 Bxb4 17. a3 Be7 18. Nc5 Nxc5 19. dxc5 e5 20. Qc3 f6 21. Nh4 Be6 22. Nf5 Rfd8 23. Bf3 Bf8 24. Bg4 Bf7 25. Rd1 Bb3 26. Rxd8 Rxd8 27. Rc1 g6 28. Nh4 h5 29. Be2 Bh6 30. f4 exf4 31. Qxf6 Bg7 32. Qxg6 Qf7 33. e5 Rd2 34. Bf3 Qxg6 35. Nxg6 Kh7 36. Nxf4 Bxe5 37. Bxc6 Bxb2 38. Be4+ Kh6 39. c6 Rd8 40. c7 Rc8 41. Rc6+ Kg7 42. Bf5 1-0

[Event "Moscow op-A 19th"]
[Site "Moscow"]
[Date "2023.07.22"]
[Round "8"]
[White "Rozum, Ivan"]
[Black "Bardyk, Artem"]
[Result "1-0"]
[WhiteElo "2511"]
[BlackElo "2063"]
[PlyCount "95"]
[EventDate "2023.07.17"]
[EventType "swiss"]
[EventRounds "9"]
[EventCountry "RUS"]
[SourceTitle "CBM 215 Extra"]
[Source "ChessBase"]
[SourceDate "2023.09.30"]
[SourceVersion "1"]
[SourceVersionDate "2023.09.30"]
[SourceQuality "1"]

1. c4 c6 2. Nf3 d5 3. g3 Nf6 4. Bg2 dxc4 5. 0-0 Nbd7 6. Qc2 e5 7. Qxc4 Bd6 8. Qc2 0-0 9. d4 Re8 10. Nc3 h6 11. Rd1 Qe7 12. e4 b5 13. h3 a6 14. Be3 c5 15. dxe5 Nxe5 16. Nxe5 Bxe5 17. Ne2 c4 18. f4 Bb8 19. e5 Bb7 20. Nc3 Bxg2 21. Kxg2 Qb7+ 22. Kh2 Nd7 23. Qg2 Qxg2+ 24. Kxg2 Nf8 25. a4 bxa4 26. Nxa4 Ba7 27. Bxa7 Rxa7 28. Rac1 Rc7 29. Rd4 Rec8 30. Nb6 Rb8 31. Rdxc4 Rxc4 32. Nxc4 Ne6 33. Kf2 g5 34. f5 Nd4 35. g4 Rb3 36. Rd1 Rf3+ 37. Kg2 Rf4 38. Nb6 Nc6 39. Nd7 Rb4 40. Rd6 Rxb2+ 41. Kf1 Rc2 42. Rxh6 Nd4 43. Nf6+ Kg7 44. Rh7+ Kf8 45. Rh8+ Kg7 46. Rg8+ Kh6 47. e6 fxe6 48. Rg6# 1-0

[Event "Moscow op-A 19th"]
[Site "Moscow"]
[Date "2023.07.18"]
[Round "2"]
[White "Kamilov, Dmitry"]
[Black "Rozum, Ivan"]
[Result "0-1"]
[WhiteElo "2083"]
[BlackElo "2511"]
[PlyCount "94"]
[EventDate "2023.07.17"]
[EventType "swiss"]
[EventRounds "9"]
[EventCountry "RUS"]
[SourceTitle "CBM 215 Extra"]
[Source "ChessBase"]
[SourceDate "2023.09.30"]
[SourceVersion "1"]
[SourceVersionDate "2023.09.30"]
[SourceQuality "1"]

1. e4 c6 2. d4 d5 3. Nd2 dxe4 4. Nxe4 Nf6 5. Nxf6+ exf6 6. c3 Bd6 7. Bd3 0-0 8. Qc2 Re8+ 9. Ne2 h5 10. Bd2 Nd7 11. 0-0 Nf8 12. Rae1 h4 13. h3 g6 14. f4 f5 15. c4 Ne6 16. Bc3 Bd7 17. b3 Ng7 18. Bb2 Qa5 19. c5 Bxf4 20. b4 Be3+ 21. Kh1 Qd8 22. d5 cxd5 23. Nc3 d4 24. Nd5 Ba4 25. Qc4 Bb5 26. Qxb5 Qxd5 27. Bc4 Qe4 28. Bd3 Qd5 29. Bc4 Qc6 30. Qxc6 bxc6 31. Ba6 Rab8 32. a3 Nh5 33. Kh2 Ng3 34. Rf3 Ne4 35. Bc1 f4 36. Rxf4 Bxf4+ 37. Bxf4 Rbd8 38. Bb7 Re6 39. Bxc6 Nxc5 40. Rxe6 Nxe6 41. Bd2 d3 42. Bb5 Nd4 43. Bc4 Nc2 44. a4 Nxb4 45. Bxb4 Rd4 46. Bxd3 Rxb4 47. a5 Kg7 0-1